| 000 | 00551nam a22001457a 4500 | ||
|---|---|---|---|
| 008 | 160521b xxu||||| |||| 00| 0 eng d | ||
| 020 | _a971-542-334-5 | ||
| 082 |
_22002 _aDFil 305.42072 _bG28 |
||
| 245 |
_aGender-sensitive and feminist methodologies: _ba handbook for health and social researches/ _cedited by Guerrero Sylvia. |
||
| 260 |
_aQuezon City: _bUniversity of the Philippine Press, _cc2002. |
||
| 300 |
_aviii, 400 pages; _c23 cm. |
||
| 650 | 0 |
_98659 _aFeminism _xResearch _xMethodology |
|
| 700 |
_98660 _aGuerrero, Sylvia H. |
||
| 942 |
_2ddc _cDFIL |
||
| 999 |
_c2622 _d2622 |
||